L'Espace Interstellaire (Record no. 584)

MARC details
000 -LEADER
fixed length control field 00512nam a2200181Ia 4500
003 - CONTROL NUMBER IDENTIFIER
control field IN-BaIIA
008 - FIXED-LENGTH DATA ELEMENTS--GENERAL INFORMATION
fixed length control field 211028s9999 xx 000 0 eng d
040 ## - CATALOGING SOURCE
Transcribing agency IIA Library
080 ## - UNIVERSAL DECIMAL CLASSIFICATION NUMBER
Universal Decimal Classification number 524.5
Item number MIN
100 ## - MAIN ENTRY--PERSONAL NAME
Personal name Mineur, Henri
9 (RLIN) 1296
245 #0 - TITLE STATEMENT
Title L'Espace Interstellaire
Statement of responsibility, etc. Henri Mineur
260 ## - PUBLICATION, DISTRIBUTION, ETC.
Place of publication, distribution, etc. Paris
Name of publisher, distributor, etc. Presses Universitaires De France
Date of publication, distribution, etc. 1947
300 ## - PHYSICAL DESCRIPTION
Extent 276p.
650 ## - SUBJECT ADDED ENTRY--TOPICAL TERM
Topical term or geographic name entry element Astronomy and Astrophysics Thesaurus
650 ## - SUBJECT ADDED ENTRY--TOPICAL TERM
Topical term or geographic name entry element Circumstellar Matter
9 (RLIN) 1297
650 ## - SUBJECT ADDED ENTRY--TOPICAL TERM
Topical term or geographic name entry element Interstellar Matter
9 (RLIN) 1189
942 ## - ADDED ENTRY ELEMENTS (KOHA)
Koha item type Books
Holdings
Withdrawn status Lost status Damaged status Not for loan Home library Current library Shelving location Date acquired Total Checkouts Full call number Barcode Date last seen Price effective from Koha item type
        IIA Library-Bangalore IIA Library-Bangalore General Stacks     524.5/ MIN 605 05/11/2021   Books

Powered by Koha